000 00577nam a2200193Ia 4500
005 20250508163111.0
008 008 250505s9999 xx 000 0 eng d
037 _aDissertations
040 _aFEDL
_beng
_cFEDL
041 _aeng
_2eng
084 _a371.426, SAL/DI
_qFEDL
100 _aSalwan Naresh Kumar
_9774729
245 0 _aInvestigation into the working of vocational stream in Delhi school
260 _c1985
300 _a40p.
546 _aM.Ed. Dissertation (Delhi University)
942 _cDIS
_h371.426, SAL/DI
999 _c1380826
_d1380826